Funkčný model prečerpávacej vodnej elektrárne

Salvato in:
Dettagli Bibliografici
Autore principale: Český, Lukáš (Autore)
Altri autori: Pípa, Marek, 1978- (Relatore della tesi)
Natura: Manoscritto Libro
Lingua:slovacco
Soggetti:
Accesso online:http://is.stuba.sk/zp/portal_zp.pl?podrobnosti=88919
Tags: Aggiungi Tag
Nessun Tag, puoi essere il primo ad aggiungerne!!

MARC

LEADER 00000ntm a22000003a 4500
001 stuzp41035
003 SK-STU
005 20160229160100.7
007 ta
008 150427s2015----xo-----f-mn---000-0-slo-d
040 |a STU  |b slo 
041 0 |a slo 
100 1 |a Český, Lukáš  |u 032000  |4 aut  |U FEI Fakulta elektrotechniky a informatiky  |T FEI Ústav elektroenergetiky a aplikovanej elektrotechniky  |X 9009  |U E020  |Y 548  |7 9009 
242 0 1 |a Functional model pumped- storage power plant  |y eng 
245 1 0 |a Funkčný model prečerpávacej vodnej elektrárne 
650 4 |a prečerpávacia vodná elektráreň  |2 slo 
650 4 |a rešerš vodných elektrární  |2 slo 
650 4 |a technická dokumentácia zariadenia  |2 slo 
650 4 |a pumped- storage power plant  |2 eng 
650 4 |a theory of hydroelectric power plants  |2 eng 
650 4 |a technical documentation  |2 eng 
700 1 |a Pípa, Marek,  |d 1978-  |4 ths  |X 2666  |7 A000002666 
856 4 |u http://is.stuba.sk/zp/portal_zp.pl?podrobnosti=88919 
SQL |a stuzp41035  |b DBP  |c SLO  |d Funkčný model prečerpávacej vodnej elektrárne  |e 9009  |f Český, Lukáš  |g 032000  |h 2666  |i Pípa, Marek  |j 20140709  |k 76  |l 03  |m http://is.stuba.sk/zp/portal_zp.pl?podrobnosti=88919